Statistics for General Knowledge Quiz #28

Click here to take the quiz!

General Stats

  • This quiz has been taken 88,315 times
    (31,529 since last reset)
  • The average score is 12 of 20

Answer Stats

Question Answer % Correct
What common food product do vampires dislike?Garlic
97%
A spoonful of sugar helps the what go down?Medicine
82%
What type of flag signals the end of an auto race?Checkered
80%
Veins return blood to the heart. What vessels transport blood away from the heart?Arteries
79%
What is the national animal of the United States?Bald Eagle
77%
What political party did Tony Blair lead?Labour
67%
What does the Spanish word "playa" mean?Beach
65%
What gave Samson his strength?His Hair
59%
What is the common term for halitosis?Bad Breath
59%
What did Sir Edmund Hillary become the first person to do?Climb Mount Everest
59%
What Italian city was once led by a doge?Venice
56%
Who made Pinocchio?Geppetto
52%
What type of animal brays?Donkey
52%
What is the unimaginative name of the literary and artistic movement
that followed modernism?
Postmodernism
49%
What child actress of the 1930s later became a U.S. ambassador to
Ghana and Czechoslovakia?
Shirley Temple
48%
Which English king was "mad"?George III
47%
Name a tuber that people commonly eatPotato, Yam, etc...
47%
What Norse god is Wednesday named after?Odin
46%
Who invented dynamite?Alfred Nobel
44%
In what country did the Romani ethnic group originate?India
21%

Score Distribution

Percentile by Number Answered

Percent of People with Each Score

Your Score History

You have not taken this quiz since the last reset